00458nam a2200157Ia 4500008004100000100001700041245004100058245001600099260002500115260000900140300003100149440008500180650001100265650001100276650001300287190423s9999 xx 000 0 und d aJaret, Peter aTreating cancer with your own cells/ cPeter Jaret bReader's Digest Asia c2018 aPages 38-45, December 2018 aAsia Reader's Digest: William Shakespeare Centuries of Shaping Languagev114:670 acancer aHealth aLeukemia